| 000 | 00544nam a2200181 a 4500 | ||
|---|---|---|---|
| 005 | 20210219160205.0 | ||
| 008 | 080924s1973 mx r 000 0 spa d | ||
| 020 | _a9232010321 | ||
| 035 | _aUPN01000160520 | ||
| 049 | _aUNE | ||
| 080 | _a792:654. 197(4) =40 THE. | ||
| 245 | 0 | 0 |
_aThéâtre et télevision / Gilles Marsolais...(et al.) -- _cGilles Marsolais...(et al.) -- |
| 260 |
_aParis : _bUNESCO, _c1973. |
||
| 300 | _a208 p. | ||
| 690 | _aTeatro- Television- Artes escenicas- Europa | ||
| 700 | 1 | _aMarsolais, Gilles | |
| 905 | _aUNESCO | ||
| 999 |
_c132633 _d132633 |
||